000 00803cam a2200289 i 4500
001 768714001
003 CO-MdBIC
005 20240531062737.0
008 231201t2004 -us||||| |||| 00| 0 spa d
020 _a0-8297-4358-8
040 _bspa.
_aCO-MdFUSB
_cCO-MdFUSB
_dCO-MdFUSBC
_erda
041 _aspa
082 0 4 _aG 231.765 C9573d
100 1 _aCruz, Antonio
245 1 0 _aDarwin no mató a Dios / Antonio Cruz
_c/
264 1 _aMiami, FL., USA : Vida
_bVida,
_c[2004]
264 4 _c©2004
300 _a189 Pag
_c;
336 _atexto
_btxt
_2rdacontent
337 _2rdamedia
_asin mediación
_bn
338 _2rdacarrier
_avolumen
_bnc
650 7 _aEvolucionismo
_2embne
_96974
650 7 _aCristianismo
_2
_922
650 7 _aReligión y ciencia
_9259
942 _cBK
945 _ajohan1477
999 _c41079
_d41079